|
|
|
|
| LEADER |
00000nam a2200000 a 4500 |
| 001 |
vtls009625980 |
| 003 |
SK-MaSNL |
| 005 |
20260301025031.0 |
| 008 |
090709s2008 bw dl g 000 0 rus |
| 020 |
|
|
|a 9789850809797 (viaz.)
|
| 040 |
|
|
|a SNK
|b slo
|c SNK
|e AACR2
|
| 041 |
0 |
|
|a rus
|
| 043 |
|
|
|a e-bw---
|
| 044 |
|
|
|a bw
|c BY
|
| 072 |
|
7 |
|a 33
|x Ekonómia
|2 konspekt
|
| 080 |
|
|
|a 33
|2 2001
|
| 080 |
|
|
|a 330.342
|2 2001
|
| 080 |
|
|
|a 17:33
|2 2001
|
| 080 |
|
|
|a 172
|2 2001
|
| 080 |
|
|
|a (470+571)
|2 2001
|
| 080 |
|
|
|a (476)
|2 2001
|
| 080 |
|
|
|a (048.8)
|2 2001
|
| 100 |
1 |
|
|a Nikitenko, Petr Georgijevič
|4 aut
|9 320108
|
| 245 |
1 |
0 |
|a Social'no-ekonomičeskije sistemy Belarusi i Rossii: evoljucija i perspektivy
|c P. G. Nikitenko, S. Ju. Solodovnikov
|
| 260 |
|
|
|a Minsk
|b Belorusskaja nauka
|c 2008
|
| 300 |
|
|
|a 517 s.
|b grafy, tab.
|c 21 cm
|
| 650 |
0 |
7 |
|a ekonómia
|2 SNKPH
|9 788
|
| 650 |
0 |
7 |
|a hospodárske systémy
|2 SNKPH
|9 68438
|
| 650 |
0 |
7 |
|a hospodárska etika
|2 SNKPH
|9 4265
|
| 650 |
0 |
7 |
|a sociálna etika
|2 SNKPH
|9 4376
|
| 651 |
|
7 |
|a Bielorusko
|2 SNKPH
|9 29235
|
| 655 |
|
7 |
|a monografie
|2 SNKPH
|9 70139
|
| 700 |
1 |
|
|a Solodovnikov, Sergej Jurievič
|4 aut
|9 320109
|
| 919 |
|
|
|a 978-985-08-0979-7
|
| 999 |
|
|
|c 572221
|d 574151
|
| 952 |
|
|
|a SNK
|b SNK
|y VYP
|7 0
|p 17A0628368
|o snkIC 138009
|i snk2009/14946
|8 2
|g 11.61
|0 0
|1 0
|4 0
|d 2009-07-09
|l 0
|r 2026-02-23 14:20:48
|w 2026-02-23
|